| 000 | 00358nam a22001337a 4500 | ||
|---|---|---|---|
| 020 | _a969370214 | ||
| 040 | _cnust | ||
| 082 |
_a954.9015 _bRAO |
||
| 100 |
_aRao, Muneer, Sarwar _9122951 |
||
| 245 | _aMein Ne baghdad Jaltay Dekha | ||
| 260 |
_aLahore: _bNational Book Foundation, _c2005. |
||
| 650 |
_aMein Ne baghdad Jaltay Dekha _9122952 |
||
| 942 |
_2ddc _cBK |
||
| 999 |
_c609319 _d609319 |
||